000
00264nam a2200109Ia 4500
008
231129s9999||||xx |||||||||||||| ||spa||
082
_a
[sin clasif.]
100
_a
Sendak Maurice.
245
0
_a
Donde viven los monstruos
264
_a
: Alfaguara
942
_2
ddc
_c
BKS
999
_c
9789
_d
9789